000 00747nas a2200265 4500
001 BR0806060
003 BR-BrBNA
005 20231205112048.0
007 ta
008 230509b bl.|||p| |||| 00| 00por d
040 _aBR-BrBNA
_bpor
_cBiblioteca Nacional de Agricultura
041 _a(Pt)
072 _aF01
100 1 _aRadin, B.
100 1 _aLisboa, B.B.
100 1 _aMatzenauer, R.
100 1 _aBarni, N.A.
245 1 _aAvaliação da desfolha na produtividade do tomateiro
650 _aTOMATE
650 _aESTUFA
650 _aÁREA FOLIAR
773 0 _tPesquisa Agropecuária Gaúcha (Brazil)
_xISSN 0104-9070
_g(2008), v. 14(1) p. 27-31
_wBR0806060
909 _a202311
_bLúcia
_c55
_dLúcia Elande
942 _2AGRIS
_n0
_cANA
999 _c195900
_d195900